La Corporación Facultativa de los Hospitales Generales de Madrid a la Sociedad Médica, organizada en el mismo establecimiento en noviembre de 1869 : (Record no. 68365)

MARC details
000 -LEADER
campo de control de longitud fija 01064nam a22002175i 4500
001 - NÚMERO DE CONTROL
campo de control 68365
003 - IDENTIFICADOR DE NÚMERO DE CONTROL
campo de control ES-MaACL
005 - FECHA Y HORA DE LA ÚLTIMA TRANSACCIÓN
campo de control 20230906170252.0
007 - CAMPO FIJO DE DESCRIPCIÓN FÍSICA--INFORMACIÓN GENERAL
campo de control de longitud fija t|
008 - DATOS DE LONGITUD FIJA--INFORMACIÓN GENERAL
campo de control de longitud fija 940202s1874 sp ||||1| spa d
100 1# - ENTRADA PRINCIPAL--NOMBRE DE PERSONA
Nombre de persona García Caballero, Félix.
9 (RLIN) 54307
245 13 - MENCIÓN DEL TÍTULO
Título La Corporación Facultativa de los Hospitales Generales de Madrid a la Sociedad Médica, organizada en el mismo establecimiento en noviembre de 1869 :
Resto del título memorandum 1870 /
Mención de responsabilidad, etc. por el Dr. D. Félix García Caballero.
260 ## - PUBLICACIÓN, DISTRIBUCIÓN, ETC.
Lugar de publicación, distribución, etc. Madrid :
Nombre del editor, distribuidor, etc. [s.n.],
Fecha de publicación, distribución, etc. 1874 (
Fabricante Imp., Estereotipia y Galvanoplastia de Aribau y Cª)
300 ## - DESCRIPCIÓN FÍSICA
Extensión 57 p. ;
Dimensiones 23 cm.
530 ## - NOTA DISPONIBLE DE FORMULARIO FÍSICO ADICIONAL
Nota de formato físico adicional disponible Disponible en formato digital.
610 00 - PUNTO DE ACCESO ADICIONAL DE MATERIA--NOMBRE DE ENTIDAD CORPORATIVA
Nombre de entidad corporativa o nombre de jurisdicción como elemento de entrada Corporación Facultativa de los Hospitales Generales de Madrid.
9 (RLIN) 172119
650 #4 - PUNTO DE ACCESO ADICIONAL DE MATERIA--TÉRMINO DE MATERIA
Término de materia o nombre geográfico como elemento de entrada Hospitales-
Subdivisión geográfica Madrid.
9 (RLIN) 13482
852 ## - LOCALIZACIÓN
Ubicación ES-MaACL
Número de control de estantería T-163-F-3
856 ## - LOCALIZACIÓN Y ACCESO ELECTRÓNICOS
Identificador Uniforme de Recursos <a href="http://bdh-rd.bne.es/viewer.vm?id=0000116897&page=1 ">http://bdh-rd.bne.es/viewer.vm?id=0000116897&page=1 </a>
Nota pública Biblioteca Digital Hispánica
856 ## - LOCALIZACIÓN Y ACCESO ELECTRÓNICOS
Identificador Uniforme de Recursos <a href="https://bibliotecavirtualmadrid.comunidad.madrid/bvmadrid_publicacion/es/consulta/registro.do?id=1151">https://bibliotecavirtualmadrid.comunidad.madrid/bvmadrid_publicacion/es/consulta/registro.do?id=1151</a>
Nota pública Biblioteca Digital de Madrid
Holdings
Estatus retirado Estado de pérdida Estado de daño No para préstamo Colección Biblioteca de origen Biblioteca actual Ubicación en estantería Fecha de adquisición Fuente de adquisición Total de préstamos Signatura topográfica completa Código de barras Visto por última vez Precio de reemplazo Tipo de ítem Koha
        Colección de folletos Biblioteca del Ateneo de Madrid Biblioteca del Ateneo de Madrid Depósito folletos 17/01/2008     T-163-F-3 1071566 23/02/2023 23/02/2023 Folleto